000 00460nam a2200169Ia 4500
005 20250326142315.0
008 250326s9999 xx 000 0 und d
037 _aTextbook
040 _aFMSL
_beng
_cFMSL
041 _aeng
_2eng
084 _aX:89A N3
_qFMSL
100 _aGoldratt E M
245 4 _aThe goal
_cGoldratt E M; Cox J
260 _aMadras
_bMadras, Productivity press
_c1994
942 _cTB
_hX:89A N3
999 _c1294404
_d1294404